[Event "Omnia dicta fortiora si dicta Latina."]
[Site "SchemingMind.com"]
[Date "2016.10.20"]
[Round "-"]
[White "John Hamer"]
[Black "smothered mate"]
[Result "1-0"]
[WhiteCountry "ENG"]
[BlackCountry "POL"]
[WhiteElo "1975"]
[WhiteRD "71"]
[BlackElo "1941"]
[BlackRD "72"]
[GameID "405160"]

1. d4 e6 2. Nf3 f5 3. Bf4 Nf6 4. e3 Be7 5. Bd3 O-O 6. O-O d5 7. Ne5 Nbd7 8. c4 c6 9. Nc3 Ne4 10. cxd5 exd5
11. Qc2 Ndf6 12. f3 Nxc3 13. bxc3 g6 14. Bh6 Re8 15. Qb2 Bd6 16. Rad1 Qb6 17. Qd2 Bxe5 18. dxe5 Rxe5 19. c4 d4 20. Rfe1 dxe3
21. Bxe3 Qd8 22. Qf2 Qf8 23. Qg3 Re8 24. Bd4 Bd7 25. Qc7 Rxe1+ 26. Rxe1 Qb4 27. Rb1 Qd2 28. Bxf6 Qxd3 29. Re1 Re8 30. Rxe8+ Bxe8
31. Qg7#
1-0

[Event "Omnia dicta fortiora si dicta Latina."]
[Site "SchemingMind.com"]
[Date "2016.10.15"]
[Round "-"]
[White "tyler_ensor"]
[Black "John Hamer"]
[Result "0-1"]
[WhiteCountry "CAN"]
[BlackCountry "ENG"]
[WhiteElo "1756"]
[WhiteRD "73"]
[BlackElo "2000"]
[BlackRD "71"]
[GameID "405161"]

1. d4 Nf6 2. c4 d5 3. cxd5 Nxd5 4. e4 Nb6 5. Nc3 e6 6. Nf3 Bb4 7. Bd3 O-O 8. O-O Nc6 9. Be3 Bd7 10. a3 Be7
11. Qc2 f5 12. exf5 exf5 13. Ne5 Qc8 14. Nxd7 Qxd7 15. Qb3+ Kh8 16. Rac1 Rad8 17. d5 Ne5 18. Bb5 Qd6 19. Rfd1 f4 20. Bxb6 Qxb6
21. Ba4 Qg6 22. Qc2 Qh5 23. Ne2 Bd6 24. h3 f3 25. Ng3 Qh4 26. Bb3 fxg2 27. Kxg2 Rf3 28. Qe2 Rxb3
0-1

[Event "Omnia dicta fortiora si dicta Latina."]
[Site "SchemingMind.com"]
[Date "2016.10.15"]
[Round "-"]
[White "John Hamer"]
[Black "tyler_ensor"]
[Result "1-0"]
[WhiteCountry "ENG"]
[BlackCountry "CAN"]
[WhiteElo "1975"]
[WhiteRD "71"]
[BlackElo "1752"]
[BlackRD "73"]
[GameID "405162"]

1. d4 e6 2. Nf3 b6 3. c4 Bb7 4. Nc3 Bb4 5. e3 f5 6. Bd3 Nf6 7. Qc2 O-O 8. O-O Bxc3 9. Qxc3 Qe8 10. Nd2 Nc6
11. e4 fxe4 12. Nxe4 a5 13. Bg5 Nxe4 14. Bxe4 h6 15. Be3 Nd8 16. Bc2 Nf7 17. Qd3
1-0

[Event "Omnia dicta fortiora si dicta Latina."]
[Site "SchemingMind.com"]
[Date "2016.10.17"]
[Round "-"]
[White "John Hamer"]
[Black "emvarela"]
[Result "1/2-1/2"]
[WhiteCountry "ENG"]
[BlackCountry "ARG"]
[WhiteElo "1973"]
[WhiteRD "67"]
[BlackElo "1710"]
[BlackRD "54"]
[GameID "405164"]

1. e3 d5 2. d4 Nf6 3. Nf3 e6 4. Bd3 c5 5. O-O Nc6 6. b3 cxd4 7. exd4 Bd6 8. Bb2 h6 9. c4 dxc4 10. bxc4 Qc7
11. Nbd2 Bd7 12. c5 Be7 13. Rb1 Nb4 14. Bc4 Nbd5 15. Qb3 Bc6 16. Ne5 Nd7 17. Ndf3 Nxe5 18. Nxe5 O-O 19. Rfd1 Bf6 20. Re1=
1/2-1/2

[Event "Omnia dicta fortiora si dicta Latina."]
[Site "SchemingMind.com"]
[Date "2016.10.16"]
[Round "-"]
[White "Scooter"]
[Black "John Hamer"]
[Result "1/2-1/2"]
[WhiteCountry "USA"]
[BlackCountry "ENG"]
[WhiteElo "1693"]
[WhiteRD "56"]
[BlackElo "1963"]
[BlackRD "71"]
[GameID "405165"]

1. d4 Nf6 2. Nf3 g6 3. Bf4 d5 4. e3 Bg7 5. Nbd2 O-O 6. h3 Nbd7 7. Be2 Ne8 8. c4 dxc4 9. Bxc4 Nb6 10. O-O Nd6
11. Bxd6 exd6 12. Rc1 c6 13. b3 Rb8 14. Be2 Bd7 15. Nc4 Bf5 16. Nxb6 axb6 17. Bd3 Be6 18. Bc4 d5 19. Bd3 Bf6 20. Nh2 Ra8
21. a4 Be7 22. Ng4 Re8 23. Ne5 f6 24. Nf3 Bd6 25. Qc2 Ba3 26. Ra1 Bd6 27. Rac1 Qe7 28. Rfe1 Rad8 29. e4 Bb4 30. Re2 Ba3
31. Rce1 Qf7 32. exd5 cxd5 33. Qa2 Bd6 34. Bb5 Re7 35. Qd2 Kh8 36. a5 Bc7 37. a6 bxa6 38. Bxa6 Ra8 39. Bb5 Ra7 40. Bc6 Bd8
41. b4 Kg8 42. b5 Bf5 43. Rxe7 Bxe7 44. Qb2 h5=
1/2-1/2

[Event "Omnia dicta fortiora si dicta Latina."]
[Site "SchemingMind.com"]
[Date "2016.10.15"]
[Round "-"]
[White "John Hamer"]
[Black "Scooter"]
[Result "1-0"]
[WhiteCountry "ENG"]
[BlackCountry "USA"]
[WhiteElo "1998"]
[WhiteRD "78"]
[BlackElo "1735"]
[BlackRD "56"]
[GameID "405166"]

1. d4 Nf6 2. c4 g6 3. Nf3 Bg7 4. Nc3 O-O 5. e4 d6 6. Be2 Bg4 7. O-O Bxf3 8. Bxf3 Nbd7 9. Be3 e5 10. d5 c5
11. dxc6 bxc6 12. Qxd6 Qc8 13. Qd2 Nb6 14. b3 Rd8 15. Qc2 Qc7 16. c5 Nbd7 17. Rad1 Bf8 18. Na4 Rab8 19. Rfe1 Be7 20. Be2 Nf8
21. Bc4 Ng4 22. Bd2 Nd7 23. b4 Bf8 24. Qc3 Bh6 25. Qf3 Bxd2 26. Qxf7+
1-0

[Event "Omnia dicta fortiora si dicta Latina."]
[Site "SchemingMind.com"]
[Date "2016.10.16"]
[Round "-"]
[White "John Hamer"]
[Black "JimM"]
[Result "1-0"]
[WhiteCountry "ENG"]
[BlackCountry "USA"]
[WhiteElo "1973"]
[WhiteRD "67"]
[BlackElo "1671"]
[BlackRD "79"]
[GameID "405167"]

1. d4 Nf6 2. Bf4 g6 3. c4 Bg7 4. Nc3 O-O 5. Nf3 d5 6. e3 b6 7. cxd5 Nxd5 8. Nxd5 Qxd5 9. Bxc7 Bb7 10. Bg3 Nd7
11. Bd3 Nf6 12. O-O Ne4 13. Bf4 a6 14. Qe2 b5 15. Rfc1 Rfc8 16. Bc2 Qd7 17. Qd1 Nd6 18. a4 b4 19. Bd3 a5 20. Qb3 Bc6
21. d5 Bb7 22. Rcb1 Rc5 23. e4 Ba6 24. e5 Bxd3 25. Qxd3 Nc4 26. b3 Nb6 27. Be3 Rxd5 28. Qe4 Nc8 29. Re1 e6 30. Rac1 Ne7
31. Bc5 Nc6 32. Bd6 Ne7 33. Rc7 Qe8 34. Rxe7 Qc6 35. Rc7 Qa6 36. Qf4
1-0

[Event "Omnia dicta fortiora si dicta Latina."]
[Site "SchemingMind.com"]
[Date "2016.10.17"]
[Round "-"]
[White "JimM"]
[Black "John Hamer"]
[Result "1/2-1/2"]
[WhiteCountry "USA"]
[BlackCountry "ENG"]
[WhiteElo "1716"]
[WhiteRD "79"]
[BlackElo "1963"]
[BlackRD "71"]
[GameID "405168"]

1. e4 d5 2. exd5 Nf6 3. c4 c6 4. dxc6 Nxc6 5. Nf3 e5 6. d3 Bf5 7. Be2 Bb4+ 8. Nc3 O-O 9. a3 Bc5 10. O-O Bd6
11. Nb5 Bb8 12. Be3 Re8 13. Nh4 Be6 14. d4 exd4 15. Nxd4 Ng4 16. g3 Qc8 17. Nxe6 Nxe3 18. fxe3 fxe6 19. Bh5 g6 20. Nxg6 hxg6
21. Bxg6 Re7 22. Qg4 Rg7 23. Bf7+ Kh8 24. Qh4+ Rh7 25. Qf6+ Rg7 26. Rf4 Bxf4 27. Qxf4 e5 28. Qh6+ Rh7=
1/2-1/2

[Event "Omnia dicta fortiora si dicta Latina."]
[Site "SchemingMind.com"]
[Date "2016.10.20"]
[Round "-"]
[White "John Hamer"]
[Black "milu"]
[Result "1-0"]
[WhiteCountry "ENG"]
[BlackCountry "ESP"]
[WhiteElo "1975"]
[WhiteRD "71"]
[BlackElo "1550"]
[BlackRD "83"]
[GameID "405169"]

1. d4 Nf6 2. Nf3 d5 3. c4 dxc4 4. e3 Bg4 5. Bxc4 e5 6. Bxf7+ Kxf7 7. Nxe5+ Ke8 8. Nxg4 Bb4+ 9. Bd2 a5 10. O-O Ne4
11. Bxb4 axb4 12. Qf3 Nd6 13. Ne5 Nd7 14. Qh5+ Kf8 15. Nd2 Nf6 16. Qh3 Qc8 17. Qg3 Qe6 18. Nb3 Nde4 19. Qf3 b6 20. Rfc1 Ra7
21. Nc6 Ra4 22. Qf4 Nd6 23. Ne5 Ke7 24. Nc6+ Kd7 25. Qf3 Nc8 26. d5 Nxd5 27. Nbd4 Qg8 28. Qh3+ Kd6 29. Nb5#
1-0

[Event "Omnia dicta fortiora si dicta Latina."]
[Site "SchemingMind.com"]
[Date "2016.10.20"]
[Round "-"]
[White "milu"]
[Black "John Hamer"]
[Result "0-1"]
[WhiteCountry "ESP"]
[BlackCountry "ENG"]
[WhiteElo "1481"]
[WhiteRD "77"]
[BlackElo "1983"]
[BlackRD "71"]
[GameID "405170"]

1. e4 e5 2. Nc3 Nf6 3. d4 d6 4. dxe5 dxe5 5. Qxd8+ Kxd8 6. Bc4 Be6 7. Bxe6 fxe6 8. Nf3 Bd6 9. Ng5 Re8 10. Nf7+ Ke7
11. Ng5 Rd8 12. O-O Nc6 13. Be3 Rac8 14. f4 exf4 15. Bxf4 Bc5+ 16. Kh1 e5= 17. Bg3 h6 18. Nf3 Bd4 19. Nxd4 Rxd4 20. Rfe1 Rd2
21. Re2 Rxe2 22. Nxe2 Nxe4 23. Be1 a6 24. h3 Rd8 25. h4 Ke6 26. c3 Rd3 27. g3 Re3 28. g4 Rxe2 29. Kg1 Rxb2 30. a4 Nf6
31. g5 Ng4 32. c4 Nd4 33. Ra3 Nc2 34. Bc3 Rb1+
0-1

[Event "Omnia dicta fortiora si dicta Latina."]
[Site "SchemingMind.com"]
[Date "2016.10.15"]
[Round "-"]
[White "John Hamer"]
[Black "JAHI"]
[Result "0-1"]
[WhiteCountry "ENG"]
[BlackCountry "INT"]
[WhiteElo "1998"]
[WhiteRD "78"]
[BlackElo "1998"]
[BlackRD "58"]
[GameID "405171"]

1. d4 g6 2. Nf3 Bg7 3. c4 c6 4. Nc3 a6 5. a4 a5 6. e4 b6 7. Bd3 Na6 8. O-O Nc7 9. Be3 Ba6 10. Re1 Rc8
11. Qe2 Ne6 12. Ne5 c5 13. Qf3 f6 14. d5 Nd4 15. Qg3 fxe5
0-1

[Event "Omnia dicta fortiora si dicta Latina."]
[Site "SchemingMind.com"]
[Date "2016.10.16"]
[Round "-"]
[White "JAHI"]
[Black "John Hamer"]
[Result "1/2-1/2"]
[WhiteCountry "INT"]
[BlackCountry "ENG"]
[WhiteElo "1998"]
[WhiteRD "58"]
[BlackElo "1998"]
[BlackRD "78"]
[GameID "405172"]

1. g3 d5 2. Bg2 g6 3. c3 Nf6 4. a3 Nc6 5. a4 Bg7 6. b3 e5 7. Na3 O-O 8. b4 Bf5 9. a5 Qd7 10. Qa4 a6
11. Nc2 e4 12. Bb2 Qe6 13. Ne3 Ne5 14. Nxf5 Qxf5 15. Nh3 Bh6 16. Qc2 Nc4 17. e3 Rad8=
1/2-1/2

[Event "Omnia dicta fortiora si dicta Latina."]
[Site "SchemingMind.com"]
[Date "2016.10.24"]
[Round "-"]
[White "Greg Magne"]
[Black "echecs"]
[Result "0-1"]
[WhiteCountry "CAN"]
[BlackCountry "ENG"]
[WhiteElo "1727"]
[WhiteRD "77"]
[BlackElo "1858"]
[BlackRD "68"]
[GameID "405409"]

1. d4 d5 2. c4 c6 3. Nf3 Nf6 4. Nc3 e6 5. Bg5 Be7 6. Qc2 Nbd7 7. e3 O-O 8. Bd3 a6 9. a4 g6 10. O-O dxc4
11. Bxc4 Nb6 12. Bb3 Nbd5 13. e4 Nb4 14. Qd2 b5 15. axb5 cxb5 16. Nxb5 Nxe4 17. Bxe7 Nxd2 18. Bxd8 Nxf3+ 19. gxf3 Rxd8 20. Nc3 Rxd4
21. Ne4 Bb7 22. Rfe1 Nd3 23. Re2 Nf4 24. Rc2 Kg7 25. h4 Bxe4 26. fxe4 Rxe4 27. Bc4 a5 28. Bb5 Ra7 29. Bc6 Nh3+ 30. Kh2 Rxh4
31. Kg3 g5 32. b4 Nf4 33. Rxa5 Re7 34. b5 Nd3 35. Ra8 Rf4 36. Rd2 Ne5 37. Rc2 Rb4 38. Rc5 Rb3+ 39. Kg2 f6 40. Rc1 h5
41. Rc2 Rc7 42. Rd2 Nxc6 43. bxc6 Rxc6 44. Rdd8 Kg6 45. Rg8+ Kf5 46. Raf8 e5 47. Rh8 h4
0-1

[Event "Omnia dicta fortiora si dicta Latina."]
[Site "SchemingMind.com"]
[Date "2016.10.25"]
[Round "-"]
[White "echecs"]
[Black "Greg Magne"]
[Result "1/2-1/2"]
[WhiteCountry "ENG"]
[BlackCountry "CAN"]
[WhiteElo "1858"]
[WhiteRD "68"]
[BlackElo "1727"]
[BlackRD "77"]
[GameID "405410"]

1. e4 e5 2. Nf3 Nc6 3. Bc4 Nf6 4. Ng5 Bc5 5. Nxf7 Bxf2+ 6. Kxf2 Nxe4+ 7. Ke3 Qh4 8. g3 Nxg3 9. hxg3 Qxc4 10. Nxh8 Qd4+
11. Ke2 d6 12. Qg1 Bg4+ 13. Kf1 Qc4+ 14. d3 Qxc2 15. Qf2 Qxd3+ 16. Kg2 O-O-O 17. Nf7 Rf8 18. Nc3 e4 19. Bg5 Bf3+ 20. Kh2 Rxf7
21. Rad1 Qa6 22. Rde1 Ne5 23. Qd4 Qc4 24. Qxa7 Ng4+ 25. Kg1 Bxh1 26. Qa8+ Kd7 27. Qd8+ Kc6 28. Qe8+ Kb6 29. Qa4 Qc5+ 30. Kxh1 Rf2
31. Qb3+ Kc6 32. Qa4+ Kb6 33. Qb3+ Kc6 34. Qa4+ Kb6 35. Qb3+=
1/2-1/2

[Event "Omnia dicta fortiora si dicta Latina."]
[Site "SchemingMind.com"]
[Date "2016.10.25"]
[Round "-"]
[White "echecs"]
[Black "smothered mate"]
[Result "1-0"]
[WhiteCountry "ENG"]
[BlackCountry "POL"]
[WhiteElo "1843"]
[WhiteRD "63"]
[BlackElo "1976"]
[BlackRD "73"]
[GameID "405411"]

1. e4 e6 2. d4 d5 3. Nc3 Nf6 4. e5 Nfd7 5. Nf3 c5 6. Be2 Nc6 7. Be3 Qc7 8. O-O f6 9. exf6 Nxf6 10. Nb5 Qb8
11. dxc5 a6 12. Nc3 Bd7 13. a3 Be7 14. Na4 O-O 15. Nb6 Ra7 16. Nxd7 Nxd7 17. b4 Qc7 18. c4 Nf6 19. b5 Raa8 20. cxd5 Nxd5
21. bxc6 bxc6 22. Bd4 Rad8 23. Bxa6 Nf4 24. Qe1 Qd7 25. Bc4 Nd5 26. Rd1 Qe8 27. Qxe6+ Kh8 28. Qg4 Bf6 29. Rfe1 Qf7 30. Ng5 Qg6
31. Bxf6 gxf6 32. Bd3 Qg7 33. Qe6 fxg5 34. Qxc6 Nf4 35. Bb5 Rc8 36. Qd6 Qb7 37. Qe5+ Kg8 38. Bc4+ Rf7 39. Qxg5+ Kf8 40. Rd8+ Rxd8
41. Qxd8+ Kg7 42. Qg5+ Kf8 43. Bxf7 Qxf7 44. c6 Nd3 45. Qd8+ Kg7 46. Re7
1-0

[Event "Omnia dicta fortiora si dicta Latina."]
[Site "SchemingMind.com"]
[Date "2016.10.24"]
[Round "-"]
[White "smothered mate"]
[Black "echecs"]
[Result "1-0"]
[WhiteCountry "POL"]
[BlackCountry "ENG"]
[WhiteElo "2008"]
[WhiteRD "74"]
[BlackElo "1858"]
[BlackRD "68"]
[GameID "405412"]

1. e4 e5 2. f4 exf4 3. Nf3 d6 4. Bc4 g5 5. h4 f6 6. d4 Qe7 7. Nc3 c6 8. Qe2 Nd7 9. hxg5 fxg5 10. Bd2 Nb6
11. Bb3 Bd7 12. O-O-O O-O-O 13. a4 Bg4 14. a5 Nd7 15. a6 b6 16. Bxg8 Rxg8 17. Qc4 Nb8 18. Qxg8 h6 19. Qc4 Bg7 20. Rhe1 Kd7
21. d5 c5 22. Qa4+ Kc7 23. Nb5+ Kc8 24. e5 dxe5 25. d6 Qd7 26. Qe4 Nc6 27. Qxc6+ Qxc6 28. Nxa7+ Kd7 29. Nxc6 Kxc6 30. Bc3 Kb5
31. a7 Bd7 32. Bxe5 Bf8 33. Bf6 Ra8 34. Ne5 Bf5 35. d7
1-0

[Event "Omnia dicta fortiora si dicta Latina."]
[Site "SchemingMind.com"]
[Date "2016.10.24"]
[Round "-"]
[White "echecs"]
[Black "tyler_ensor"]
[Result "1-0"]
[WhiteCountry "ENG"]
[BlackCountry "CAN"]
[WhiteElo "1871"]
[WhiteRD "70"]
[BlackElo "1756"]
[BlackRD "73"]
[GameID "405413"]

1. e4 c6 2. d4 d5 3. Nc3 dxe4 4. Nxe4 Bf5 5. Ng3 Bg6 6. h4 h6 7. h5 Bh7 8. Nf3 Nd7 9. Bd3 Bxd3 10. Qxd3 e6
11. Be3 Ngf6 12. Rh4 Qa5+ 13. Nd2 Be7 14. Rh1 Nd5 15. c3 O-O-O 16. Nb3 Qc7 17. Bd2 Bd6 18. Ne4 Be7 19. O-O-O N5f6 20. f3 c5
21. Qc4 cxd4 22. Qxd4 Nxe4 23. Qxe4 Nf6 24. Qa4 a6 25. Nd4 Nd5 26. Kb1 Kb8 27. Qb3
1-0

[Event "Omnia dicta fortiora si dicta Latina."]
[Site "SchemingMind.com"]
[Date "2016.10.24"]
[Round "-"]
[White "tyler_ensor"]
[Black "echecs"]
[Result "0-1"]
[WhiteCountry "CAN"]
[BlackCountry "ENG"]
[WhiteElo "1799"]
[WhiteRD "71"]
[BlackElo "1873"]
[BlackRD "67"]
[GameID "405414"]

1. d4 d5 2. c4 c6 3. Nf3 Nf6 4. Nc3 e6 5. e3 Be7 6. Bd3 O-O 7. O-O Nbd7 8. b3 a6 9. Bb2 b6 10. Qe2 h6
11. Rac1 Bb7 12. Ne5 c5 13. f4 dxc4 14. bxc4 cxd4 15. exd4 Rc8 16. Ne4 Qc7 17. Nxd7 Qxd7 18. Nxf6+ Bxf6 19. Rfd1 Bxd4+ 20. Bxd4 Qxd4+
21. Kh1 Qxf4
0-1

[Event "Omnia dicta fortiora si dicta Latina."]
[Site "SchemingMind.com"]
[Date "2016.10.24"]
[Round "-"]
[White "echecs"]
[Black "emvarela"]
[Result "1-0"]
[WhiteCountry "ENG"]
[BlackCountry "ARG"]
[WhiteElo "1873"]
[WhiteRD "67"]
[BlackElo "1720"]
[BlackRD "56"]
[GameID "405415"]

1. e4 e5 2. Nf3 Nc6 3. Bc4 Bc5 4. c3 Qe7 5. O-O h6 6. b4 Bb6 7. a4 a5 8. b5 Na7 9. Qb3 d6 10. Be2 Be6
11. Bc4 Bxc4 12. Qxc4 Nf6 13. h3 O-O 14. d3 c6 15. Qb3 cxb5 16. axb5 Nd7 17. c4 Nc5 18. Qd1 f5 19. exf5 Rxf5 20. Nc3 Nc8
21. Nd5 Qd8 22. Nxb6 Nxb6 23. Qc2 Qf6 24. d4 exd4 25. Nxd4 Qxd4 26. Qxf5 Rf8 27. Be3 Qxc4 28. Qg6 Rf6 29. Qe8+ Kh7 30. Rxa5 Nd5
31. Rc1 Nc3 32. Kh1 Qb4 33. Ra8 Ne2 34. Rca1 Nd3 35. Qh8+ Kg6 36. Bxh6 Nxf2+ 37. Kh2 Rf7 38. Be3 Qxb5 39. R8a5
1-0

[Event "Omnia dicta fortiora si dicta Latina."]
[Site "SchemingMind.com"]
[Date "2016.10.24"]
[Round "-"]
[White "emvarela"]
[Black "echecs"]
[Result "1-0"]
[WhiteCountry "ARG"]
[BlackCountry "ENG"]
[WhiteElo "1802"]
[WhiteRD "56"]
[BlackElo "1830"]
[BlackRD "70"]
[GameID "405416"]

1. e4 e5 2. Nf3 Nc6 3. Bb5 a6 4. Bxc6 dxc6 5. O-O Nf6 6. d3 Bd6 7. h3 O-O 8. Bg5 Qe7 9. Nbd2 Qe6 10. Bxf6 Qxf6
11. c3 Qg6 12. Kh2 f5 13. Qe2 Bd7 14. g3 fxe4 15. Nxe4 Qh5 16. Ng1 Qh6 17. Qe3 Qe6 18. Nxd6 cxd6 19. b3 Rf6 20. Rae1 Raf8
21. d4 Qf7 22. dxe5 dxe5 23. Re2 Re8 24. Qd2 e4 25. Qe3 Kh8 26. Rfe1 Rh6 27. h4 Rhe6 28. Nh3 Qf5 29. Qf4 Qd5 30. Ng5 Rf6
31. Qd2 Qf5 32. Rxe4 Rxe4 33. Rxe4 h6 34. Rf4 Qg6 35. Qxd7 hxg5 36. hxg5 Qxg5 37. Qd8+ Kh7 38. Rh4+ Kg6 39. Qe8+ Rf7 40. Qe4+ Qf5
41. Rg4+ Kh7 42. Qxf5+ Rxf5 43. Rf4 Rc5 44. c4 b5 45. cxb5 axb5 46. a4 bxa4 47. Rxa4 Rc2 48. Kg2 Kh6 49. Rc4 Rxc4 50. bxc4 Kg5
51. Kf3 Kf5 52. g4+ Ke5 53. Ke3 g5 54. f3 c5 55. Kd3 Kf4 56. Ke2 Ke5 57. Ke3 Kf6 58. f4 Kg6 59. f5+ Kf6 60. Ke4 Ke7
61. Ke5
1-0

[Event "Omnia dicta fortiora si dicta Latina."]
[Site "SchemingMind.com"]
[Date "2016.10.24"]
[Round "-"]
[White "echecs"]
[Black "Scooter"]
[Result "1-0"]
[WhiteCountry "ENG"]
[BlackCountry "USA"]
[WhiteElo "1858"]
[WhiteRD "68"]
[BlackElo "1738"]
[BlackRD "54"]
[GameID "405417"]

1. e4 c6 2. d4 d5 3. Nc3 dxe4 4. Nxe4 Bf5 5. Ng3 Bg6 6. h4 h6 7. h5 Bh7 8. Nf3 Nd7 9. Bd3 Bxd3 10. Qxd3 Qc7
11. Rh4 e6 12. Bf4 Bd6 13. Bxd6 Qxd6 14. Ne4 Qc7 15. Qa3 Ne7 16. O-O-O b6 17. Nd6+ Kf8 18. Ne5 Nxe5 19. dxe5 c5 20. Rf4 Nf5
21. Nxf7 Qxf7 22. g4 Ke7 23. Qf3 Rab8 24. Qc6 Qe8 25. Qc7+ Kf8 26. gxf5 exf5 27. Rxf5+ Kg8 28. e6 Kh7 29. Rd7 Rg8 30. Rff7
1-0

[Event "Omnia dicta fortiora si dicta Latina."]
[Site "SchemingMind.com"]
[Date "2016.10.24"]
[Round "-"]
[White "Scooter"]
[Black "echecs"]
[Result "0-1"]
[WhiteCountry "USA"]
[BlackCountry "ENG"]
[WhiteElo "1738"]
[WhiteRD "54"]
[BlackElo "1858"]
[BlackRD "68"]
[GameID "405418"]

1. d4 e6 2. Nf3 Nf6 3. Bg5 Be7 4. e3 O-O 5. Be2 d5 6. O-O c5 7. c3 cxd4 8. cxd4 Nc6 9. a3 a6 10. Nbd2 h6
11. Bxf6 Bxf6 12. Rc1 Bd7 13. b4 Rc8 14. b5 axb5 15. Bxb5 Ne7 16. Bxd7 Qxd7 17. Nb3 Nf5 18. Nc5 Qe7 19. Qb3 Rb8 20. Qb5 Rfd8
21. Rb1 Nd6 22. Qe2 Nf5 23. Rb6 Qc7 24. Rfb1 Nd6 25. Qb2 Re8 26. Nxb7 Nc4 27. Qc1 Qe7 28. R6b4 Rec8 29. Nc5 Ra8 30. a4 Qd8
31. Nd2 Nd6 32. Qa3 Bh4 33. g3 Be7 34. Qb3 Ne8 35. Rb5 Bd6 36. Nb7 Qg5 37. Nxd6 Nxd6 38. Rb6 Nf5 39. Nf3 Qh5 40. Ne5 Qe2
41. Rb7 Rc2 42. Nd3 Nxe3 43. Rb8+ Rxb8 44. Qxb8+ Kh7 45. Qe5 Qxd3 46. Qxe3 Qc4 47. Rb7 Re2 48. Qf3 Re1+ 49. Kg2 Qf1#
0-1

[Event "Omnia dicta fortiora si dicta Latina."]
[Site "SchemingMind.com"]
[Date "2016.10.24"]
[Round "-"]
[White "echecs"]
[Black "John Hamer"]
[Result "0-1"]
[WhiteCountry "ENG"]
[BlackCountry "ENG"]
[WhiteElo "1858"]
[WhiteRD "68"]
[BlackElo "1973"]
[BlackRD "67"]
[GameID "405419"]

1. e4 c6 2. d4 d5 3. Nc3 dxe4 4. Nxe4 Nd7 5. Nf3 Ngf6 6. Nxf6+ Nxf6 7. Bc4 Bf5 8. Qe2 e6 9. Bg5 Be7 10. O-O-O Nd5
11. Bxe7 Qxe7 12. h3 O-O-O 13. Rhe1 Nf6 14. Ne5 Bg6 15. Nxg6 hxg6 16. Qe3 Qd6 17. Qb3 Rh4 18. c3 Qf4+ 19. Kb1 Qf5+ 20. Ka1 Qxf2
21. Qa3 Qxg2 22. Qxa7 Rh5 23. Bf1 Qh2 24. Qa3 Kd7 25. Re2 Qc7 26. Qb3 Kc8 27. Rde1 Rb5 28. Qc2 Kb8 29. Re3 Rf5 30. a3 Nd5
31. Rd3 Qf4 32. Rdd1 Ne3 33. Qb3 Nxd1 34. Rxd1 Qg3 35. Ba6 b5 36. a4 Qc7 37. axb5 Qa5+ 38. Qa3 Qb6 39. c4 c5 40. Qg3+ Ka7
41. Kb1 Rxd4 42. Rc1 Rff4 43. b3 e5 44. Re1 Qa5 45. Rxe5 Rd1+ 46. Kb2 Qa1+
0-1

[Event "Omnia dicta fortiora si dicta Latina."]
[Site "SchemingMind.com"]
[Date "2016.10.24"]
[Round "-"]
[White "John Hamer"]
[Black "echecs"]
[Result "1-0"]
[WhiteCountry "ENG"]
[BlackCountry "ENG"]
[WhiteElo "1973"]
[WhiteRD "67"]
[BlackElo "1858"]
[BlackRD "68"]
[GameID "405420"]

1. d4 d5 2. Nf3 Nf6 3. c4 c6 4. Nc3 e6 5. Bf4 b6 6. e3 Be7 7. Bd3 Nbd7 8. cxd5 cxd5 9. O-O Nh5 10. Be5 Nhf6
11. Nb5 Nxe5 12. dxe5 Ng4 13. h3 Nh6 14. Qc2 O-O 15. Nc7 Rb8 16. Nd4 g6 17. Rac1 Bc5 18. Ncb5 Qd7 19. Nd6 Bxd6 20. exd6 Qxd6
21. Nb5 Qe7 22. Rfd1 Ba6 23. Nd4 Bxd3 24. Rxd3 Qg5 25. Nc6 Ra8 26. f4 Qg3 27. Ne7+ Kg7 28. Qc3+ f6 29. Qc6 e5 30. Nxd5 Nf5
31. Qb7+ Kh6 32. Nxf6 Rh8 33. Ne4 Qh4 34. Ng5 Ng3 35. Nf7+ Kg7 36. Nxh8+ Kxh8 37. Qxa8+ Kg7 38. Rc7+ Kh6 39. Qf8+
1-0

[Event "Omnia dicta fortiora si dicta Latina."]
[Site "SchemingMind.com"]
[Date "2016.10.25"]
[Round "-"]
[White "echecs"]
[Black "JimM"]
[Result "1-0"]
[WhiteCountry "ENG"]
[BlackCountry "USA"]
[WhiteElo "1858"]
[WhiteRD "68"]
[BlackElo "1671"]
[BlackRD "79"]
[GameID "405421"]

1. e4 c5 2. c3 e6 3. d4 d5 4. e5 Qb6 5. Nf3 Nc6 6. a3 c4 7. Nbd2 Bd7 8. Be2 O-O-O 9. b4 f6 10. a4 fxe5
11. b5 Nce7 12. Nxe5 Be8 13. Ba3 Nf5 14. Bxf8 Bg6 15. Bc5 Qc7 16. a5 Nf6 17. b6 Qb8 18. bxa7 Qa8 19. Qa4 Nd6 20. Bb6 Rde8
21. a6 Nfe4 22. Qd7#
1-0

[Event "Omnia dicta fortiora si dicta Latina."]
[Site "SchemingMind.com"]
[Date "2016.10.24"]
[Round "-"]
[White "JimM"]
[Black "echecs"]
[Result "0-1"]
[WhiteCountry "USA"]
[BlackCountry "ENG"]
[WhiteElo "1649"]
[WhiteRD "79"]
[BlackElo "1863"]
[BlackRD "66"]
[GameID "405422"]

1. e4 e5 2. Nf3 Nc6 3. Bb5 a6 4. Ba4 d6 5. d4 Bd7 6. c3 b5 7. Bb3 exd4 8. cxd4 Be7 9. Nc3 Na5 10. Bc2 c6
11. h3 Nf6 12. e5 Nd5 13. Nxd5 cxd5 14. b3 dxe5 15. dxe5 Bc6 16. O-O O-O 17. Qd3 g6 18. Bb2 Rc8 19. Rad1 Qc7 20. Bc1 Rfe8
21. Qd4 Bb7 22. Bb1 Bc5 23. Qh4 Be7 24. Qh6 Bf8 25. Qh4 Bg7 26. Ng5 h5 27. Nf3 Bxe5 28. Nxe5 Qxe5 29. Bf4 Qg7 30. Bg5 Re6
31. Be3 Rce8 32. Bd4 Qf8 33. Bf6 Qd6 34. Bd4 Nc6 35. Bc3 Qc5 36. Ba1 Ne5 37. Qf4 Qf8 38. Rc1 Qe7 39. Qd4 f6 40. f4 Nc6
41. Qxd5 Nb4 42. Qd2 Re2
0-1

[Event "Omnia dicta fortiora si dicta Latina."]
[Site "SchemingMind.com"]
[Date "2016.10.25"]
[Round "-"]
[White "echecs"]
[Black "milu"]
[Result "1-0"]
[WhiteCountry "ENG"]
[BlackCountry "ESP"]
[WhiteElo "1873"]
[WhiteRD "67"]
[BlackElo "1481"]
[BlackRD "77"]
[GameID "405423"]

1. e4 e5 2. Nf3 Nc6 3. Bc4 h6 4. c3 Bc5 5. b4 Bb6 6. a4 a5 7. b5 Nce7 8. Nxe5 d5 9. exd5 Nxd5 10. Qf3 Ngf6
11. O-O Be6 12. Ba3 Qc8 13. Re1 c6 14. Ng6 fxg6 15. Ba2 Kf7 16. bxc6 Qxc6 17. Bb3 Bc5 18. Bxc5 Rhe8 19. Na3 Qxc5 20. Nb5 Kg8
21. Re5 Kh7 22. c4 Nb4 23. Rxc5 b6 24. Rc7 Rad8 25. d4 Rb8 26. Nd6 Rf8 27. Qe3
1-0

[Event "Omnia dicta fortiora si dicta Latina."]
[Site "SchemingMind.com"]
[Date "2016.10.25"]
[Round "-"]
[White "milu"]
[Black "echecs"]
[Result "0-1"]
[WhiteCountry "ESP"]
[BlackCountry "ENG"]
[WhiteElo "1481"]
[WhiteRD "77"]
[BlackElo "1873"]
[BlackRD "67"]
[GameID "405424"]

1. e4 e5 2. Nc3 Nf6 3. Nf3 d6 4. Bc4 Be7 5. O-O Bg4 6. h3 Bh5 7. Be2 Bg6 8. d4 Nbd7 9. Bd3 exd4 10. Nxd4 O-O
11. f4 h6 12. f5 Bh7 13. b4 Ne5 14. Qe1 Nxd3 15. Qg3 Nxc1 16. Raxc1 a6 17. Nd5 Nxd5 18. exd5 Bf6 19. Nb3 Be5 20. Qg4 Bc3
21. Rf3 Qf6 22. Rd1 Rfe8 23. Qc4 Be5 24. Qxc7 Rac8 25. Qxb7 Rxc2 26. Qxa6 Qg5 27. g4 Bxf5
0-1